[Event "Bayern-ch Seniors 12th"]
[Site "Schloss Schney"]
[Date "2000.??.??"]
[Round "3"]
[White "Baehsler, Arwed"]
[Black "Kielgast, Ottomar"]
[Result "1-0"]
[WhiteElo "1745"]
[BlackElo "1533"]
[PlyCount "50"]
[EventDate "2000.11.02"]
[EventType "swiss"]
[EventRounds "9"]
[EventCountry "GER"]
[SourceTitle "EXT 2002"]
[Source "ChessBase"]
[SourceDate "2001.11.25"]
[SourceVersion "1"]
[SourceVersionDate "2001.11.25"]
[SourceQuality "1"]

1. Nf3 d5 2. g3 b6 3. Bg2 Bb7 4. 0-0 Nd7 5. d3 e6 6. Nbd2 Ngf6 7. c4 Be7 8. Qc2 0-0 9. b3 c5 10. Bb2 Qc7 11. Rfe1 d4 12. e4 e5 13. h3 h6 14. Nh4 g6 15. Bc1 Kg7 16. Nhf3 Ng8 17. Nf1 Ndf6 18. g4 Nh7 19. Ng3 Bc8 20. Bd2 Be6 21. Qc1 Rfe8 22. Nh2 Rad8 23. f4 exf4 24. Bxf4 Bd6 25. e5 Be7 1-0